Logika pro humanistiku
Guardado en:
| Autores principales: | , |
|---|---|
| Formato: | Libro |
| Lenguaje: | checo |
| Publicado: |
Dobrá Voda
Aleš Čeněk
2003
|
| Materias: | |
| Acceso en línea: | Ver en el OPAC |
| Etiquetas: |
Sin Etiquetas, Sea el primero en etiquetar este registro!
|
MARC
| LEADER | 00000nam a2200000 a 4500 | ||
|---|---|---|---|
| 005 | 20260127133944.0 | ||
| 008 | 050808s2003 xr 000 0 cze | ||
| 020 | |a 8086473546 | ||
| 035 | |a vtls008290985 | ||
| 035 | |a SVKPOKN102464 | ||
| 039 | 9 | |a 200512121040 |b mschk03 |c 200508101432 |d VLOAD |y 200508090822 |z VLOAD | |
| 040 | |a SVKPOKN |b slo |c SVKPOKN |d SVKPO |d STUSCHK1 |e AACR2 | ||
| 041 | 0 | |a cze |h cze | |
| 044 | |a xr |c CZ | ||
| 080 | |a 16 | ||
| 080 | |a 510.6 | ||
| 080 | |a (075.8) | ||
| 100 | 1 | |a Svatek, Jan | |
| 245 | 1 | 0 | |a Logika pro humanistiku |c Jan Svatek; Ludmila Dostálová |
| 260 | |a Dobrá Voda |b Aleš Čeněk |c 2003 | ||
| 300 | |a 231 s. |b bg.s.223-224 | ||
| 653 | |a matematická logika | ||
| 653 | |a logika | ||
| 653 | |a učebnice vysokých škôl | ||
| 653 | |a Tlač |a Vysokoškolské učebnice | ||
| 655 | 7 | |a odborné publikácie |2 svkpo | |
| 700 | 1 | |a Dostálová, Ludmila |4 aut | |
| 910 | |a svkponkat | ||
| 910 | |a SCHK95 | ||
| 919 | |a 80-86473-54-6 | ||
| 999 | |c 824 |d 824 | ||